Polskie Seriale - Statystyki

Ogólne statystyki
  • Ten quiz został rozwiązany 212 razy
  • Średni wynik to 5 z 9
Statystyki odpowiedzi
Odpowiedź % Poprawnych
M jak miłość
88%
Barwy Szczęścia
73%
Klan
69%
Na wspólnej
69%
Pierwsza Miłość
51%
Ranczo
50%
Ojciec mateusz
43%
Plebania
37%
Złotopolscy
31%
Nie znaleziono quizów pasujących do podanych kryteriów
Rozkład punktacji
Procent ludzi z każdym wynikiem
Percentyl według liczby udzielonych odpowiedzi
Twoja historia wyników
Nie rozwiązałeś tego quizu